000 00834nam a2200265 a 4500
003 CO-ViMGA
005 20230915233127.0
008 130201s2012 sp a jr 0001j spa d
020 _a9788415241973
040 _aCO-ViMGA
_bspa
_cCO-ViMGA
043 _ae-sp---
082 0 4 _aI863.6
_bZ13h
_221
100 1 _aZafrilla, Marta.
_92942
245 1 0 _aHijito pollito /
_cMarta Zafrilla, Nora Hilb.
260 _aMadrid :
_bCuento de Luz,
_c2012.
300 _a[32] p. :
_bil. ;
_c23 cm.
490 0 _aCuento de luz
650 1 4 _aFamilia
_v Cuentos infantiles.
_91959
650 1 4 _aGatos
_v Cuentos infantiles.
_91965
650 1 4 _aCuentos infantiles españoles.
_91012
650 1 4 _aLibros ilustrados para niños.
_987
650 1 4 _aPollos
_v Cuentos infantiles.
_92943
700 1 _aHilb, Nora,
_d1953-
_92944
942 _2ddc
_cBK
999 _c35390
_d35390